Praktický příklad z podnikového početnictví
Guardado en:
| Formato: | Libro |
|---|---|
| Lenguaje: | checo |
| Publicado: |
Gottwaldov
Československé závody kožiarske a gumárenské
1948
|
| Etiquetas: |
Sin Etiquetas, Sea el primero en etiquetar este registro!
|
MARC
| LEADER | 00000nam a2200000 4500 | ||
|---|---|---|---|
| 001 | 0307596 | ||
| 005 | 20250312092444.8 | ||
| 041 | 0 | |a cze | |
| 044 | |a CZ | ||
| 245 | 1 | 0 | |a Praktický příklad z podnikového početnictví |c Bohuslav Partyk |
| 264 | 1 | |a Gottwaldov |b Československé závody kožiarske a gumárenské |c 1948 | |